| 000 | 00479nam a22001577a 4500 | ||
|---|---|---|---|
| 005 | 20150209133612.0 | ||
| 008 | 150209b xxu||||| |||| 00| 0 eng d | ||
| 050 |
_aQM 27 _b.C536 2013 |
||
| 245 |
_aChildren's encyclopedia : _bhuman body / |
||
| 260 |
_aNew Delhi : _bSterling Publishers Private Ltd., _cc2013. |
||
| 300 |
_a179 pages : _bcolored illustrations ; _c27 cm. |
||
| 650 | _aBody, Human. | ||
| 650 | _aHuman anatomy. | ||
| 650 | _aHuman physiology. | ||
| 942 |
_2lcc _cBK |
||
| 999 |
_c282559 _d282559 |
||